[Event "6th Geller Memorial Open A"]
[Site "Odessa UKR"]
[Date "2010.08.28"]
[Round "8"]
[White "Rudenkov,S"]
[Black "Daryev,S"]
[Result "1-0"]
[WhiteElo "1852"]
[BlackElo "2028"]

1.d4 Nf6 2.c4 e6 3.g3 Bb4+ 4.Bd2 Be7 5.Bg2 d5 6.Bc3 dxc4 7.Nd2 Nd5 8.Nxc4 Nxc3
9.bxc3 O-O 10.Rb1 c6 11.Ne5 f6 12.Nd3 Kh8 13.Nf3 Na6 14.O-O Qa5 15.Qb3 g5
16.e4 g4 17.Nd2 Qg5 18.Nc4 h5 19.e5 Qf4 20.exf6 Rxf6 21.Nce5 Nc7 22.c4 a5
23.Rfe1 a4 24.Qd1 Qg5 25.Be4 Bd6 26.Nf4 Kg7 27.Bg6 Rxf4 28.gxf4 Qh4 29.Qd3 Qf6
30.Bxh5 Bxe5 31.Rxe5 Qh6 32.Rg5+ Kh8 33.Bxg4 Ra5 34.Rxa5 b5 35.cxb5 Qxf4
36.Qh3+ Kg7 37.b6 Nd5 38.b7 Bxb7 39.Rxb7+ Kf6 40.Qh4+  1-0

[Event "9th Georgiev-Kesarovski Mem"]
[Site "Sunny Beach BUL"]
[Date "2010.08.29"]
[Round "2"]
[White "Kanazirev,Pavel"]
[Black "Pantev,V"]
[Result "0-1"]
[WhiteElo "2104"]
[BlackElo "2371"]

1.d4 Nf6 2.c4 e6 3.g3 Bb4+ 4.Bd2 a5 5.Bg2 O-O 6.Nf3 Nc6 7.O-O Re8 8.Bf4 Bf8
9.Nc3 d6 10.Qd3 Bd7 11.Rad1 h6 12.Bc1 Qc8 13.Bh3 e5 14.Bxd7 Nxd7 15.Qf5 g6
16.Qh3 Nxd4 17.Bxh6 Nb6 18.Qxc8 Nxf3+ 19.exf3 Rexc8 20.Bxf8 Kxf8 21.b3 a4
22.Nb5 axb3 23.axb3 Ra2 24.Ra1 Rb2 25.Rfb1 Rxb1+ 26.Rxb1 Ke7 27.Rd1 Nd7 28.Ra1 Nc5
29.Ra7 c6 30.Nc3 Rc7 31.Ra3 Na6 32.Kf1 Ke6 33.Ke2 d5 34.Ra5 d4 35.Na4 f6
36.h4 Kd6 37.Nb2 c5 38.Nd3 Rc8 39.Kd2 Re8 40.Ra1 Rh8 41.Re1 Re8 42.Nf4 Nb4
43.Nd3 Nxd3 44.Kxd3 Ra8 45.Re2 Ra1 46.Rb2 Kc6 47.b4 f5 48.bxc5 Ra3+ 49.Ke2 Kxc5
50.Rxb7 Ra2+ 51.Kd3 Rxf2 52.Rb5+ Kd6 53.Rb6+ Kd7 54.Rxg6 Rxf3+ 55.Kd2 e4
56.c5 d3 57.h5 Rf2+ 58.Ke1 Rh2 59.Rd6+ Kc7 60.h6 Rg2 61.h7 Rh2 62.Ra6 e3  0-1

[Event "1st Campomanes Memorial Cup Open"]
[Site "Manila PHI"]
[Date "2010.08.30"]
[Round "4"]
[White "Gomez,Joh"]
[Black "Bagamasbad,E"]
[Result "1-0"]
[WhiteElo "2527"]
[BlackElo "2259"]

1.d4 Nf6 2.c4 e6 3.g3 Bb4+ 4.Bd2 Qe7 5.Nf3 Nc6 6.Nc3 O-O 7.Bg2 d6 8.d5 Nb8
9.dxe6 Bxe6 10.Nd4 c6 11.Nxe6 Qxe6 12.Qb3 Na6 13.O-O Bxc3 14.Bxc3 Nc5 15.Qd1 Nfe4
16.Rc1 Nxc3 17.Rxc3 a5 18.b3 Rfd8 19.Qc2 Re8 20.e3 h5 21.Rd1 Qf6 22.Rd4 g6
23.Qd2 Red8 24.Bh3 b5 25.cxb5 cxb5 26.Rc1 b4 27.Bg2 Rab8 28.Bd5 Qe7 29.Qc2 Kg7
30.Rf4 f6 31.h4 Qe5 32.Qd2 Rbc8 33.Rfc4 f5 34.Qd4 Qf6 35.Qd2 Rb8 36.Rf4 Re8
37.Bc6 Rec8 38.Bd5 Re8 39.Rcc4 Re5 40.e4 Rf8 41.Rd4 Qe7 42.Bc6 fxe4 43.Rxf8 Qxf8
44.Rxd6 Qe7 45.Qd4 Kh7 46.Rd8 Qf6 47.Rd5 e3 48.fxe3 Qxc6 49.Qxe5 Ne6 50.Rd1 Ng7
51.Qd5 Qc3 52.Qd4 Qc2 53.Qd2 Qe4 54.Qd3 Qf3 55.e4 Qg4 56.Rf1 Ne6 57.Qf3 Qh3
58.Rc1  1-0

[Event "7th Malaysia Open"]
[Site "Kuala Lumpur MAS"]
[Date "2010.09.01"]
[Round "1"]
[White "Wen Yang"]
[Black "Anasrullah"]
[Result "1-0"]
[WhiteElo "2520"]
[BlackElo "2143"]

1.d4 Nf6 2.c4 e6 3.g3 Bb4+ 4.Bd2 Qe7 5.Bg2 Nc6 6.Nf3 O-O 7.O-O Bxd2 8.Nbxd2 d6
9.e4 e5 10.d5 Nb8 11.Ne1 a5 12.Nb1 Na6 13.Nc3 Nc5 14.Nc2 Ne8 15.Ne3 f5 16.exf5 Bxf5
17.Nxf5 Rxf5 18.Bh3 Rf6 19.Na4 Rh6 20.Nxc5 dxc5 21.Be6+ Kh8 22.Qe2 Qg5 23.f4 exf4
24.Rxf4 Rf6 25.Raf1 Rxf4 26.Rxf4 Nf6 27.Bf7 Ng8 28.Qe6 Rf8 29.Bxg8 Rxf4 30.Qc8 Rf8
31.Qxf8 Qe3+ 32.Kf1 Qd3+ 33.Kf2 Qd2+ 34.Kf3 Qd3+ 35.Kg4 Qg6+ 36.Kf4 Qh6+
37.Ke4 Qg6+ 38.Ke3  1-0

[Event "ch-RUS Higher League"]
[Site "Irkutsk RUS"]
[Date "2010.09.02"]
[Round "7"]
[White "Chadaev,N"]
[Black "Shaposhnikov,E"]
[Result "0-1"]
[WhiteElo "2574"]
[BlackElo "2543"]

1.d4 Nf6 2.c4 e6 3.g3 Bb4+ 4.Bd2 Be7 5.Bg2 d5 6.Nf3 O-O 7.O-O Nbd7 8.Qb3 Nb6
9.cxd5 exd5 10.Nc3 c6 11.Bf4 Bf5 12.a4 a5 13.Rad1 Ra7 14.Ne5 Nbd7 15.h3 Qb6
16.Qa2 h6 17.g4 Bc2 18.Rd2 Bh7 19.e4 Nxe5 20.dxe5 Nxe4 21.Nxe4 dxe4 22.Rd7 Bc5
23.e6 Bg6 24.h4 h5 25.gxh5 Bxh5 26.Qc4 Qb4 27.Rc1 Bb6 28.Bd6 Qxb2 29.Rc2 Qa1+
30.Kh2 Raa8 31.Bxf8 Rxf8 32.exf7+ Rxf7 33.Rxf7 Bxf7 34.Qxe4 Bc7+ 35.f4 Qf6
36.Kg3 Bxf4+ 37.Qxf4 Qg6+ 38.Qg4 Qxc2 39.Qc8+ Kh7 40.Qxb7 Qd3+ 41.Kh2 Qd6+
42.Kh1 Bd5 43.Bxd5 Qxd5+ 44.Kh2 Qa2+ 45.Kg3 Qa3+ 46.Kg2 Qxa4 47.Qb1+ g6 48.Qb7+ Kh6
49.Qe7 Qg4+ 50.Kf2 Qf5+ 51.Kg3 g5 52.Qd6+ Kh5 53.hxg5 Qxg5+ 54.Kf2 Qd5 55.Qe7 Kg6
56.Ke2 Kf5 57.Qh7+ Ke6 58.Qg8+ Kd7 59.Qa8 Kc7 60.Qa7+ Kd6 61.Qa8 Qc4+ 62.Kd2 a4
63.Qf8+ Kc7 64.Qe7+ Kb6 65.Qd8+ Kb5 66.Qb8+ Ka5 67.Qh8 c5 68.Qa8+ Kb4 69.Qb7+ Ka3
70.Qf3+ Kb2  0-1

[Event "7th Malaysia Open"]
[Site "Kuala Lumpur MAS"]
[Date "2010.09.02"]
[Round "3"]
[White "Sethuraman,S"]
[Black "Nguyen Van Huy"]
[Result "0-1"]
[WhiteElo "2535"]
[BlackElo "2429"]

1.d4 Nf6 2.c4 e6 3.g3 Bb4+ 4.Bd2 Qe7 5.Bg2 Nc6 6.Nf3 Bxd2+ 7.Nbxd2 d6 8.O-O a5
9.e4 e5 10.d5 Nb8 11.Ne1 O-O 12.Nd3 Na6 13.a3 Bg4 14.f3 Bd7 15.b4 c6 16.Qb3 cxd5
17.cxd5 axb4 18.axb4 Nc7 19.Nc4 Nb5 20.Qb2 Rxa1 21.Rxa1 Rc8 22.Nb6 Rc3 23.Bf1 Be8
24.Na4 Rc7 25.Nb6 Nd4 26.Ne1 Nd7 27.Nc4 b5 28.Ne3 Nb6 29.Rc1 h5 30.Kf2 h4
31.Bd3 g6 32.N1g2 hxg3+ 33.hxg3 Qd8 34.Ng4 Bd7 35.N2e3 Na4 36.Qa3 Kg7 37.Rxc7 Qxc7
38.Qa1 Qc3 39.Qxc3 Nxc3 40.Nc2 Nxc2 41.Bxc2 Na2 42.Ne3 Nxb4 43.Bd1 Kf8 44.Be2 Ke7
45.Ke1 Kd8 46.Kd2 Kc7 47.Kc3 Na6 48.Nc2 Kb6 49.Nb4 Nc5 50.Bd1 Na4+ 51.Kb3 Kc5
52.Nc2 f5 53.exf5 Bxf5 54.Nb4 g5 55.Be2 Nb6 56.Na6+ Kxd5 57.Nc7+ Kd4 58.Nxb5+ Ke3
59.Bd1 d5 60.Nd6 Be6 61.Kb4 Nc4 62.Ne8 Nb2 63.Nc7 Nxd1 64.Nxe6 Kxf3 65.Kc5 Nc3
66.Nxg5+ Kxg3 67.Ne6 Kf3 68.Kd6 e4 69.Ke5 e3 70.Nd4+ Kf2 71.Nc2 e2 72.Kd4 Nd1
73.Nb4 Ke1 74.Nd3+ Kd2  0-1

[Event "7th Malaysia Open"]
[Site "Kuala Lumpur MAS"]
[Date "2010.09.04"]
[Round "5"]
[White "Suvrajit,S"]
[Black "Dao Thien Hai"]
[Result "1-0"]
[WhiteElo "2378"]
[BlackElo "2520"]

1.d4 Nf6 2.c4 e6 3.g3 Bb4+ 4.Nc3 d5 5.Bg2 O-O 6.a3 Bxc3+ 7.bxc3 Nc6 8.Nf3 Na5
9.cxd5 exd5 10.O-O Bf5 11.Ne5 Qc8 12.Qa4 b6 13.c4 Bh3 14.Bxh3 Qxh3 15.cxd5 Rfe8
16.f3 Nxd5 17.e4 Nc3 18.Qc2 Nb5 19.Bb2 Rac8 20.Rac1 c6 21.Qa4 Qh6 22.Nxc6 Qe3+
23.Kh1 Nxc6 24.Qxb5 Na5 25.Rc3 Qe2 26.Rfc1 Rcd8 27.Rc7 Rf8 28.d5 Qe3 29.R7c3 Qf2
30.R1c2 Qe1+ 31.Kg2 Nb7 32.Re2 Nd6 33.Qd3  1-0

[Event "7th Malaysia Open"]
[Site "Kuala Lumpur MAS"]
[Date "2010.09.04"]
[Round "6"]
[White "Lim,C"]
[Black "Satyapragyan,S"]
[Result "1/2-1/2"]
[WhiteElo "2302"]
[BlackElo "2451"]

1.d4 Nf6 2.c4 e6 3.g3 Bb4+ 4.Bd2 Qe7 5.Nf3 Nc6 6.Nc3 d6 7.d5 Bxc3 8.Bxc3 Nb8
9.Bg2 e5 10.O-O O-O 11.Nd2 a5 12.e4 Nbd7 13.f4 Nc5 14.Qc2 Bd7 15.b3 Ng4 16.Rae1 f6
17.a3 Qe8 18.h3 Nh6 19.b4 axb4 20.axb4 Na4 21.Ba1 c6 22.c5 exf4 23.gxf4 dxc5
24.bxc5 Qc8 25.d6 Nf7 26.e5 Bxh3 27.Rf2 fxe5 28.fxe5 Be6 29.Rf4 b5 30.Nf3 Bd5
31.Nd4 Nxc5 32.Qxc5 Bxg2 33.e6 Bd5 34.Nf5 Qxe6 35.Rxe6 Rxa1+ 36.Re1 Rxe1+
37.Kf2 Nxd6 38.Qxd6 Rfe8 39.Nh6+ gxh6 40.Rg4+ Kf7 41.Rf4+ Kg7 42.Rg4+ Kf7
43.Rf4+ Kg7  1/2-1/2

[Event "7th Malaysia Open"]
[Site "Kuala Lumpur MAS"]
[Date "2010.09.05"]
[Round "7"]
[White "Suvrajit,S"]
[Black "Nguyen Van Huy"]
[Result "0-1"]
[WhiteElo "2378"]
[BlackElo "2429"]

1.d4 Nf6 2.c4 e6 3.g3 Bb4+ 4.Bd2 Qe7 5.Bg2 Nc6 6.Nf3 Bxd2+ 7.Nbxd2 d6 8.O-O a5
9.e4 e5 10.d5 Nb8 11.Ne1 O-O 12.Nd3 Na6 13.f4 c6 14.Qb3 Nd7 15.Qa3 Nac5 16.Nxc5 dxc5
17.Rae1 b5 18.dxc6 b4 19.Qe3 Nb8 20.Nb3 Ra6 21.Rd1 Rxc6 22.Rd5 Nd7 23.Nxa5 Ra6
24.Nb3 Rxa2 25.Qd2 exf4 26.gxf4 Nb6 27.Rxc5 Na4 28.Re5 Qa7+ 29.Kh1 Rxb2 30.Qxb4 Qe3
31.Qxa4 Rxg2 32.Nd4 Qh3 33.Nf3 Re2  0-1

[Event "7th Malaysia Open"]
[Site "Kuala Lumpur MAS"]
[Date "2010.09.05"]
[Round "7"]
[White "Zhou Weiqi"]
[Black "Nguyen Duc Hoa"]
[Result "1-0"]
[WhiteElo "2569"]
[BlackElo "2385"]

1.d4 Nf6 2.c4 e6 3.g3 Bb4+ 4.Bd2 Be7 5.Bg2 d5 6.Nf3 O-O 7.O-O c6 8.Bf4 b6
9.Nc3 Ba6 10.Ne5 Nfd7 11.cxd5 cxd5 12.Nxf7 Rxf7 13.Nxd5 exd5 14.Bxd5 Nc6
15.Bxc6 Nf6 16.Bxa8 Qxa8 17.f3 Nd5 18.Bd2 Bf6 19.Kh1 Qe8 20.e4 Bxf1 21.Qxf1 Nc7
22.Be3 Qa4 23.b3 Qa5 24.Qc4 Qh5 25.Rf1 b5 26.Qd3 b4 27.d5 h6 28.Kg2 a6 29.f4 Rd7
30.d6 Nb5 31.e5 Bxe5 32.Qc4+ Kh7 33.Qe4+ g6 34.fxe5 Nc3 35.Qc4 Qxe5 36.Rf7+ Rxf7
37.Qxf7+ Kh8 38.Qf8+  1-0

[Event "ch-ESP"]
[Site "El Sauzal ESP"]
[Date "2010.09.11"]
[Round "8"]
[White "Franco Alonso,A"]
[Black "Villavicencio Martinez,A"]
[Result "1/2-1/2"]
[WhiteElo "2490"]
[BlackElo "2308"]

1.d4 Nf6 2.c4 e6 3.g3 Bb4+ 4.Nd2 Nc6 5.Nf3 d5 6.Bg2 dxc4 7.O-O c3 8.Nc4 O-O
9.Qb3 cxb2 10.Bxb2 Be7 11.Rfd1 Rb8 12.Rac1 Bd7 13.Ne1 Qe8 14.Nd3 b6 15.Re1 Na5
16.Nxa5 bxa5 17.Qc3 Nd5 18.Bxd5 exd5 19.Ba3 Bxa3 20.Qxa3 Qe4 21.Nc5 Qe7 22.Qxa5 Bh3
23.Nd3 Qe4 24.Nf4 Be6 25.Qd2 Rb7 26.f3 Qf5 27.Nd3 Rfb8 28.Rc2 h6 29.Rec1 Qf6
30.Ne5 Bf5 31.Rc6 Qe7 32.Qf4 Bh7 33.Re1 f6 34.Ng4 Rb1 35.Rcc1 Rxc1 36.Qxc1 h5
37.Nf2 Rb1 38.Qd2 Rxe1+ 39.Qxe1 Qe3 40.Qa5 Qxd4 41.Qxc7 Bg6 42.Kg2 Kh7 43.Qc1 Qa4
44.Qb2 d4 45.Kf1 a5 46.a3 Qc4 47.Ke1 a4 48.Kd2 Bf5 49.Nd1 Qc5 50.e4 dxe3+
51.Nxe3 Qd6+ 52.Ke1 Bg6 53.Kf2  1/2-1/2

[Event "TCh-CHN"]
[Site "Guangzhou CHN"]
[Date "2010.09.12"]
[Round "12"]
[White "Li Chao2"]
[Black "Zhou Jianchao"]
[Result "1/2-1/2"]
[WhiteElo "2613"]
[BlackElo "2650"]

1.d4 Nf6 2.c4 e6 3.g3 Bb4+ 4.Bd2 Qe7 5.Bg2 O-O 6.Nf3 Bxd2+ 7.Nbxd2 d6 8.O-O e5
9.e3 Re8 10.Rc1 h6 11.Nb1 c6 12.Nc3 Bg4 13.h3 Bh5 14.g4 Bg6 15.c5 Nbd7 16.cxd6 Qxd6
17.dxe5 Qxd1 18.Rfxd1 Nxe5 19.Nxe5 Rxe5 20.b4 h5 21.Rd4 hxg4 22.hxg4 Rg5
23.f3 c5 24.bxc5 Rxc5 25.Ne2 Rxc1+ 26.Nxc1 Rc8 27.Nd3 Bxd3 28.Rxd3 g5 29.Ra3 Nd5
30.f4 Rc1+ 31.Kh2 Rc3 32.Ra5 Nxe3 33.Rxg5+ Kf8 34.Bxb7 Ra3 35.Bd5  1/2-1/2

[Event "WCh w Blitz Quarter-Final"]
[Site "Moscow RUS"]
[Date "2010.09.14"]
[Round "3"]
[White "Fominykh,M"]
[Black "Meshcheriakova,E"]
[Result "1/2-1/2"]
[WhiteElo "2305"]
[BlackElo "2260"]

1.d4 Nf6 2.c4 e6 3.g3 Bb4+ 4.Bd2 a5 5.Bg2 d6 6.Qc2 Nbd7 7.Nf3 e5 8.O-O O-O
9.Nc3 Re8 10.e4 b6 11.d5 Nc5 12.Rfe1 Bd7 13.Nh4 Qc8 14.b3 Bh3 15.Bh1 Bd7
16.a3 Bxc3 17.Bxc3 a4 18.b4 Nb3 19.Rad1 Qa6 20.Bb2 Qc8 21.Nf5 g6 22.Ne3 c6
23.dxc6 Qxc6 24.Qd3 Re6 25.Nd5 Qb7 26.Qf3 Nxd5 27.Rxd5 Bc6 28.Rdd1 Rd8 29.Qd3 Ree8  1/2-1/2

[Event "WCh w Blitz Quarter-Final"]
[Site "Moscow RUS"]
[Date "2010.09.14"]
[Round "6"]
[White "Krasenkova,I"]
[Black "Meshcheriakova,E"]
[Result "0-1"]
[WhiteElo "2121"]
[BlackElo "2260"]

1.d4 Nf6 2.c4 e6 3.g3 Bb4+ 4.Bd2 a5 5.Bg2 d6 6.Nf3 Nbd7 7.O-O b6 8.Bg5 a4
9.a3 Ba5 10.Nbd2 Bb7 11.e4 e5 12.dxe5 dxe5 13.Qc2 Bxd2 14.Nxd2 h6 15.Bxf6 Qxf6
16.Nb1 O-O 17.Nc3 Nc5 18.Rad1 Qe6 19.Nb5 Qe7 20.Rd2 Bc6 21.Rfd1 Bxb5 22.cxb5 Qe6
23.Rd5 Rfe8 24.h4 Qg6 25.Kh2 Qg4 26.R1d2 Ra5 27.Rd8 Qe6 28.Rxe8+ Qxe8 29.Bf1 Qe7
30.Kg2 g6 31.f3 Kg7 32.Bc4 Ra8 33.Rd5 Rd8 34.Qd1 Rd6 35.Rxd6 Qxd6 36.Qxd6 cxd6
37.Kf2 f5 38.Ke3 Kf6 39.exf5 gxf5 40.Be2 d5 41.Bd1 d4+ 42.Kd2 e4 43.fxe4 fxe4
44.g4 Ke5 45.Ke2 Kf4 46.Kd2 e3+ 47.Kc2 d3+ 48.Kc3 e2 49.Bxe2 dxe2 50.Kd2 Kf3
51.g5 hxg5 52.hxg5 Ne4+ 53.Ke1 Nxg5 54.Kd2 Kf2 55.Kc3 e1=Q+ 56.Kd4 Qe3+ 57.Kd5 Qe4+
58.Kd6 Qd4+ 59.Kc6 Qc5+ 60.Kb7 Ne6 61.Ka6 Nd8 62.b4 axb3 63.a4 b2 64.a5 bxa5
65.b6 Qc6 66.Kxa5 Nb7+ 67.Ka6 Nc5+ 68.Ka5 Qb7 69.Kb5 b1=Q+ 70.Kxc5 Q7xb6+
71.Kd5 Qd1+ 72.Ke5 Qbd6+ 73.Kf5 Q1d5+ 74.Kg4 Qg6+ 75.Kh3 Qdh5+  0-1

[Event "EYCC Boys U14"]
[Site "Batumi GEO"]
[Date "2010.09.23"]
[Round "5"]
[White "Lamard,G"]
[Black "Kumsiashvili,N"]
[Result "0-1"]
[WhiteElo "2186"]
[BlackElo "1988"]

1.d4 Nf6 2.c4 e6 3.g3 Bb4+ 4.Bd2 Be7 5.Bg2 d5 6.Nf3 c6 7.Qc2 O-O 8.O-O Nbd7
9.Rd1 b6 10.Bf4 Bb7 11.Nc3 Rc8 12.e4 dxc4 13.Ne5 Nxe5 14.Bxe5 b5 15.Bxf6 Bxf6
16.e5 Be7 17.Nxb5 cxb5 18.Bxb7 Rb8 19.Be4 g6 20.h4 Qb6 21.h5 Kg7 22.Qd2 Rbd8
23.Kg2 f5 24.exf6+ Bxf6 25.hxg6 Bxd4 26.f3 h6 27.Qb4 Bf6 28.a4 a6 29.axb5 axb5
30.Rxd8 Rxd8 31.Ra5 Rb8 32.Qa3 b4 33.Qa4 Rd8 34.Ra6 Qd4 35.Qc6 Qd7 36.Qxc4 Rc8
37.Qxb4 Be7 38.Qa5 Rc5 39.Qb6 Qd2+ 40.Kh3 Rh5+  0-1

[Event "39th Olympiad Men"]
[Site "Khanty-Mansiysk RUS"]
[Date "2010.09.23"]
[Round "3"]
[White "Papaioannou,I"]
[Black "Stefansson,H"]
[Result "1/2-1/2"]
[WhiteElo "2622"]
[BlackElo "2585"]

1.d4 Nf6 2.c4 e6 3.g3 Bb4+ 4.Nd2 d5 5.Bg2 O-O 6.Nf3 b6 7.cxd5 exd5 8.O-O Bb7
9.Ne5 Nbd7 10.Ndf3 Nxe5 11.Nxe5 Re8 12.Bf4 Bd6 13.Nd3 c5 14.dxc5 bxc5 15.b3 Rc8
16.Rc1 Ba6 17.Bxd6 Qxd6 18.Re1 d4 19.Qd2  1/2-1/2

[Event "EYCC Girls U18"]
[Site "Batumi GEO"]
[Date "2010.09.26"]
[Round "7"]
[White "Rizhamadze,P"]
[Black "Ugulava,L"]
[Result "1-0"]
[WhiteElo "2018"]
[BlackElo "1960"]

1.d4 Nf6 2.c4 e6 3.g3 Bb4+ 4.Bd2 a5 5.Bg2 d5 6.cxd5 exd5 7.Bxb4 axb4 8.Nf3 O-O
9.Qc2 Re8 10.e3 Qe7 11.O-O Na6 12.Nbd2 Bd7 13.Rfe1 Rac8 14.Rad1 c5 15.dxc5 Nxc5
16.Qb1 Bg4 17.Nb3 Nxb3 18.axb3 Bh5 19.Rd4 Bg6 20.Qd1 Rc7 21.Nh4 Bc2 22.Qd2 Bxb3
23.Qxb4 Qxb4 24.Rxb4 Bc2 25.Rc1 Rec8 26.Bh3 Ra8 27.Bf5 Ne4 28.f3 Bd3 29.Rd1 g6
30.fxe4  1-0

[Event "EYCC Girls U18"]
[Site "Batumi GEO"]
[Date "2010.09.27"]
[Round "8"]
[White "Rizhamadze,P"]
[Black "Sargsyan,S"]
[Result "1-0"]
[WhiteElo "2018"]
[BlackElo "1986"]

1.d4 Nf6 2.c4 e6 3.g3 Bb4+ 4.Bd2 Qe7 5.Bg2 O-O 6.Nf3 d5 7.O-O Nbd7 8.Bc1 dxc4
9.Qc2 c5 10.a3 Ba5 11.Qxc4 Bb6 12.dxc5 Qxc5 13.Qxc5 Nxc5 14.Nbd2 Bc7 15.a4 Bd7
16.b3 Rfd8 17.Ba3 Nce4 18.Nxe4 Nxe4 19.Rac1 Bc6 20.e3 e5 21.Bb2 f6 22.b4 Bd6
23.b5 Bd5 24.Nd2 f5 25.Rfd1 Kf7 26.Nxe4 Bxe4 27.Bxe4 fxe4 28.Rc4 Ke6 29.Rxe4 Rac8
30.Rd2 Kf5 31.f3 Bc7 32.g4+ Ke6 33.Rxd8 Rxd8 34.Bxe5 Bxe5 35.f4 Rd2 36.Rxe5+ Kf7
37.Rc5 Ra2 38.Rc7+ Kf6 39.Rxb7 Rxa4 40.Kg2 a5 41.bxa6 Rxa6  1-0

[Event "39th Olympiad Men"]
[Site "Khanty-Mansiysk RUS"]
[Date "2010.09.29"]
[Round "8"]
[White "Petrik,T"]
[Black "Markus,Rob"]
[Result "1/2-1/2"]
[WhiteElo "2528"]
[BlackElo "2624"]

1.d4 Nf6 2.c4 e6 3.g3 Bb4+ 4.Nd2 O-O 5.Bg2 d5 6.Nf3 dxc4 7.Qc2 a5 8.Qxc4 b6
9.Qc2 Bb7 10.O-O c5 11.dxc5 Bxc5 12.Nb3 Nbd7 13.Nxc5 Nxc5 14.Bf4 Nd5 15.Rad1 Qe7
16.Bd2 h6 17.Qb1 Rfd8 18.Rfe1 Rac8 19.h4 Nf6 20.b4 Nce4 21.bxa5 Nxd2 22.Rxd2 Rxd2
23.Nxd2 Bxg2 24.Kxg2 bxa5 25.Rc1 Rxc1 26.Qxc1 Qd7  1/2-1/2

[Event "21st Open"]
[Site "Goch GER"]
[Date "2010.10.02"]
[Round "4.17"]
[White "Welzel,P"]
[Black "Mueller,Marku1"]
[Result "0-1"]
[WhiteElo "2046"]
[BlackElo "2163"]

1.d4 Nf6 2.c4 e6 3.g3 Bb4+ 4.Bd2 c5 5.Bxb4 cxb4 6.Bg2 O-O 7.Nf3 d6 8.O-O Nc6
9.a3 bxa3 10.Rxa3 e5 11.Nc3 Bg4 12.d5 Nb4 13.Qb3 a5 14.Nd2 b6 15.h3 Bf5 16.Nd1 Qc8
17.Kh2 Bc2 18.Qc3 Bg6 19.e4 Nd7 20.f4 f5 21.Ne3 exf4 22.gxf4 Qc7 23.e5 dxe5
24.d6 Qxd6 25.Bxa8 Rxa8 26.Nf3 exf4 27.Rd1 Qc7 28.Nd5 Nxd5 29.cxd5 Qd8 30.Qc6 Rc8
31.Qe6+ Kh8 32.Nd4 Nc5 33.Qe5 Ne4 34.Nc6 Qh4 35.Rf1 Nf2 36.Qe6 Re8 37.Qd7 Nxh3
38.Qxe8+ Bxe8 39.Rxh3 Qf6 40.Rc3 Qh4+ 41.Rh3 Qf6 42.Rc3 Qh6+ 43.Kg2 Qd6 44.Rd1 f3+
45.Kf2 Qh2+  0-1

[Event "Continental Class Ch"]
[Site "Arlington USA"]
[Date "2010.10.09"]
[Round "4"]
[White "Holroyd,Kenneth J"]
[Black "Bodek,Michael H"]
[Result "0-1"]
[WhiteElo "2120"]
[BlackElo "2207"]

1.d4 Nf6 2.c4 e6 3.g3 Bb4+ 4.Bd2 Bxd2+ 5.Qxd2 O-O 6.Bg2 d6 7.Nf3 Nc6 8.Nc3 e5
9.O-O Bg4 10.d5 Ne7 11.Nh4 Qd7 12.f4 exf4 13.Rxf4 Ng6 14.Nxg6 hxg6 15.e4 Rfe8
16.Re1 Re5 17.Qd4 b6 18.b4 Rae8 19.c5 g5 20.c6 Qe7 21.Rf2 a6 22.Ref1 Bh5
23.Qd3 Bg6 24.Qxa6 Nxe4 25.Nxe4 Bxe4 26.Qc4 f6 27.a4 Bxg2 28.Kxg2 Re4 29.Qb5 Rd4
30.a5 Qe4+ 31.Kg1 Rxd5 32.Qa6 bxa5 33.b5 Qb4 34.Qb7 Qxb5 35.Qxc7 Rc5 36.Qxd6 Qxc6
37.Qd3 Rce5 38.Qd1 Qe6 39.Qa4 Qb6 40.Qc4+ Qe6 41.Qa4 Qd5 42.Qc2 Re1 43.Qb2 Rxf1+
44.Rxf1 Rd8 45.Ra1 Re8 46.Rf1 Re4 47.Qc2 Qc4 48.Qb1 Re2 49.Qb8+ Kh7 50.Qb1+ Qe4
51.Qxe4+ Rxe4 52.Rb1 Re6 53.Ra1 Ra6 54.Ra4 Kg6 55.g4 Kf7 56.Kf2 Ke7 57.Ke3 Kd6
58.Kd4 Rb6 59.Rxa5 Rb4+ 60.Ke3 Rxg4 61.Kf3 Rc4 62.Kg3 Rc7 63.Rb5 Ke6 64.Ra5 Kf7
65.Rb5 Rc3+ 66.Kg2 Kg6 67.Ra5 Rc6 68.Rb5 Rc3 69.Ra5 g4 70.Rb5 f5 71.Rb6+ Kg5
72.Rb5 g6 73.Ra5 Kh4 74.Ra4 Rc2+ 75.Kg1 Kg5 76.Ra5 Re2 77.Ra4 Re4 78.Ra5 Kf4
79.Kf2 Rb4 80.Ra2 Rb5 81.Ra4+ Kg5 82.Ra2 f4 83.Ra4 Kf5 84.Ra2 Rb4 85.Rc2 Rb3
86.Rc5+ Ke4 87.Rc4+ Ke5 88.Rc5+ Kd4 89.Rc2 g3+ 90.hxg3 Rxg3 91.Rc8 Ke4 92.Re8+ Kf5
93.Rf8+ Kg4 94.Ra8 g5 95.Ra4 Rb3 96.Ra2 Rb4 97.Ra3 Rb2+ 98.Kf1 f3 99.Ra1 Kg3
100.Kg1 Rb3 101.Kf1 g4 102.Ke1 Kg2 103.Ra2+ Kg1  0-1

[Event "TCh-NED"]
[Site "Netherlands NED"]
[Date "2010.10.09"]
[Round "2.8"]
[White "Witt,Rob"]
[Black "Kollen,Z"]
[Result "1/2-1/2"]
[WhiteElo "2242"]
[BlackElo "2046"]

1.d4 Nf6 2.c4 e6 3.g3 Bb4+ 4.Bd2 Qe7 5.Nf3 b6 6.Bg2 Bb7 7.O-O Bxd2 8.Qxd2 O-O
9.Nc3 Ne4 10.Nxe4 Bxe4 11.Qf4 d5 12.cxd5 Bxd5 13.Rfc1 Na6 14.Bf1 c5 15.e3 Qb7
16.e4 Bc6 17.Ne5 Nb8 18.Nxc6 Nxc6 19.dxc5 bxc5 20.b3 Qe7 21.Qe3 Nd4 22.b4 e5
23.bxc5 Rfc8 24.Qa3 Ne6 25.Rab1 Rxc5 26.Rb5 Rac8 27.Rcxc5 Rxc5 28.Ra5 Rc7
29.Qxe7 Rxe7 30.Rxe5 Kf8 31.Bc4 Nd4 32.Rxe7 Kxe7 33.f4 f6 34.Kf2 Kd6 35.Ke3 Nc6
36.Bd5 Nb4 37.Kd4 Nc2+ 38.Kc3 Ne3 39.Bc4 Kc5 40.Be2 g5 41.fxg5 fxg5 42.Kd3 Nc4
43.Bh5 Ne5+ 44.Ke3 h6 45.Be2 Ng6 46.h3 Ne5 47.Bf1 Nd7 48.Be2 Ne5 49.h4 Ng6
50.h5 Ne5 51.Bf1 Ng4+ 52.Kd3 Nf2+ 53.Ke3 Ng4+  1/2-1/2

[Event "TCh-NED"]
[Site "Netherlands NED"]
[Date "2010.10.09"]
[Round "2.3"]
[White "Van Haastert,E"]
[Black "Wempe,Jo"]
[Result "1-0"]
[WhiteElo "2419"]
[BlackElo "2283"]

1.d4 Nf6 2.c4 e6 3.g3 Bb4+ 4.Bd2 Qe7 5.Nc3 Nc6 6.Nf3 Bxc3 7.Bxc3 Ne4 8.Rc1 O-O
9.Bg2 d6 10.d5 Nxc3 11.Rxc3 Nb8 12.dxe6 Bxe6 13.Nd4 Bc8 14.O-O c6 15.Qd2 Na6
16.Rd1 Nc7 17.b3 Bd7 18.e4 Rad8 19.Rd3 Bg4 20.f3 Bc8 21.f4 d5 22.cxd5 cxd5
23.e5 Ne6 24.Nf5 Qc7 25.Nd6 Nc5 26.Rc3 Qb6 27.Qd4 Bg4 28.Rd2 Ne4 29.Qxb6 axb6
30.Bxe4 dxe4 31.Kf2 f6 32.exf6 Rxf6 33.Nxe4 Rxd2+ 34.Nxd2 Rd6 35.Nc4 Rc6
36.Rd3 b5 37.Rd8+  1-0

[Event "4NCL Team Rapid"]
[Site "Newport Pagnell ENG"]
[Date "2010.10.09"]
[Round "9"]
[White "Martyn,R"]
[Black "Norinkeviciute,R"]
[Result "1-0"]
[WhiteElo "2292"]
[BlackElo "2028"]

1.d4 Nf6 2.c4 e6 3.g3 Bb4+ 4.Bd2 Be7 5.Bg2 d5 6.Nf3 O-O 7.O-O c5 8.cxd5 exd5
9.Nc3 Nc6 10.dxc5 Bxc5 11.Bg5 d4 12.Bxf6 Qxf6 13.Nd5 Qd6 14.Nd2 Be6 15.Nf4 Bd7
16.Ne4 Qe7 17.Nd5 Qe5 18.Nxc5 Bf5 19.Qd2 Rad8 20.f4 Qb8 21.e4 dxe3 22.Qxe3 Rfe8
23.Qf2 Rd6 24.Nc3 Red8 25.N5e4 Rd4 26.Rad1 h6 27.Rxd4 Rxd4 28.Rd1 Rxd1+ 29.Nxd1 Qc7
30.Ndc3 Qa5 31.Qc5 Qxc5+ 32.Nxc5 Na5 33.Nxb7 Nc4 34.b3 Ne3 35.Be4 Bd7 36.Nc5 Bc8
37.b4 Nc4 38.Kf2 Nd2 39.Ke3 Nf1+ 40.Kd4 Nxh2 41.Nb5 Nf1 42.Nxa7 Bh3 43.b5 Nxg3
44.b6 Nxe4 45.Nxe4  1-0

[Event "Continental Class Ch"]
[Site "Arlington USA"]
[Date "2010.10.11"]
[Round "9"]
[White "Paragua,M"]
[Black "Ivanov,AV USA"]
[Result "1/2-1/2"]
[WhiteElo "2496"]
[BlackElo "2532"]

1.d4 Nf6 2.c4 e6 3.g3 Bb4+ 4.Bd2 Be7 5.Bg2 d5 6.Nf3 O-O 7.O-O c6 8.Qc2 Nbd7
9.Bf4 b6 10.Rd1 Bb7 11.Ne5 b5 12.b3 Nxe5 13.Bxe5 bxc4 14.bxc4 Ba6 15.c5 Nd7
16.Bf4 g5 17.Bc1 f5 18.Nc3 Qc7 19.Rb1 Rab8 20.Bd2 Rxb1 21.Rxb1 Rb8 22.Rxb8+ Qxb8
23.h3 Bf6 24.e3 Kg7 25.Bf3 Bc4 26.Be2 Bxe2 27.Nxe2 Qb5 28.Nc3 Qa6 29.a4  1/2-1/2

[Event "TCh-CHN"]
[Site "Guangzhou CHN"]
[Date "2010.10.15"]
[Round "15"]
[White "Ju Wenjun"]
[Black "Ding Yixin"]
[Result "1/2-1/2"]
[WhiteElo "2500"]
[BlackElo "2315"]

1.d4 Nf6 2.c4 e6 3.g3 Bb4+ 4.Bd2 Bxd2+ 5.Nxd2 O-O 6.Bg2 d6 7.Ngf3 Qe7 8.e4 e5
9.d5 a5 10.O-O Nbd7 11.b3 Nc5 12.Qe2 Bd7 13.a3 Rfb8 14.b4 axb4 15.axb4 Rxa1
16.Rxa1 Na6 17.Rb1 b5 18.Ne1 Qe8 19.Nc2 bxc4 20.Qxc4 Bb5 21.Qc3 c5 22.dxc6 Qxc6
23.Qxc6 Bxc6 24.Nc4 Ba4 25.N2e3 Rxb4 26.Rc1 Ne8 27.Nf5 g6 28.Nfxd6 Nxd6 29.Nxd6 Rd4
30.Nc4 Nc5 31.Nxe5 Nxe4 32.h3 Nd6  1/2-1/2

[Event "TCh-FIN 2010-11"]
[Site "Salo FIN"]
[Date "2010.10.16"]
[Round "3.7"]
[White "Parkkinen,J"]
[Black "Hynninen,J"]
[Result "0-1"]
[WhiteElo "2228"]
[BlackElo "2154"]

1.d4 Nf6 2.c4 e6 3.g3 Bb4+ 4.Bd2 Qe7 5.Bg2 Nc6 6.Nf3 Bxd2+ 7.Nbxd2 d6 8.O-O O-O
9.Nb3 e5 10.d5 Nb8 11.Ne1 e4 12.Nc2 Nbd7 13.Ne3 Ne5 14.f3 Re8 15.Qd4 c5 16.Qc3 a6
17.Rae1 b5 18.fxe4 g6 19.Nd2 Rb8 20.b3 Nfg4 21.Nxg4 Bxg4 22.h3 Bd7 23.Kh2 h5
24.Nf3 bxc4 25.Nxe5 Qxe5 26.Qxe5 Rxe5 27.Rf6 cxb3 28.axb3 Rb6 29.Ref1 Be8
30.h4 Kg7 31.R1f4 a5 32.Bh3 Rxb3 33.Bd7 Rb7 34.Bxe8 Rxe8 35.Rxd6 Ra7 36.Rc6 a4
37.Rxc5 a3 38.Rc1 f5 39.exf5 Rxe2+ 40.Kg1 a2 41.f6+ Kf7 42.Rff1 Rd2 43.d6 Rxd6
44.Ra1 Rd2 45.Rf2 Rxf2 46.Kxf2 Kxf6 47.Ke3 Kf5  0-1

[Event "Lichtenrader Herbst"]
[Site "Berlin GER"]
[Date "2010.10.18"]
[Round "3"]
[White "Zschaebitz,K"]
[Black "Kachibadze,Ge"]
[Result "1/2-1/2"]
[WhiteElo "2053"]
[BlackElo "2272"]

1.d4 Nf6 2.c4 e6 3.g3 Bb4+ 4.Bd2 Qe7 5.Bg2 Nc6 6.Nf3 O-O 7.O-O Bxd2 8.Qxd2 d6
9.Nc3 a5 10.b3 h6 11.Rfd1 Re8 12.Rac1 Nb4 13.a3 Na6 14.Ne1 e5 15.Nc2 exd4
16.Nxd4 Nc5 17.Nd5 Nxd5 18.cxd5 a4 19.b4 Nb3 20.Nxb3 axb3 21.Qb2 Qxe2 22.Qxb3 Bg4
23.h3 Bh5 24.Rd3 Re7 25.Bf1 Qe5 26.Re3 Qf6 27.Rce1 Rxe3 28.Rxe3 Bg6 29.Qc3 Qxc3
30.Rxc3 Be4 31.Bg2 Bxg2 32.Kxg2 Rc8 33.b5 Kf8 34.a4 Ke7 35.a5 Kd7 36.Kf3 Re8
37.Re3 Ra8 38.Ra3 Re8 39.Re3 Ra8 40.Ra3 Re8 41.h4 Re5 42.a6 bxa6 43.bxa6 Re8
44.Kf4 Rb8 45.Ra4 Ra8 46.Ke4 Ra7 47.Kd4 c6 48.h5 Kc7 49.dxc6 Kxc6 50.Ra1 d5
51.g4 Kd6 52.f3 Kc6 53.f4 Kd6 54.g5 Kc6 55.gxh6 gxh6 56.Ra5 Ra8 57.a7 Kb6
58.Rxd5 Rxa7 59.Rd6+ Kc7 60.Rxh6 Kd7 61.Ke5 Ke7 62.Kf5 Ra5+ 63.Kg4 Kf8 64.Rb6 Kg7
65.h6+ Kh7 66.Rf6 Rb5 67.Rf5 Rxf5 68.Kxf5 Kxh6  1/2-1/2